[Event "Vecindario Montalvo Memorial 13th"]
[Site "Vecindario"]
[Date "2020.11.19"]
[Round "9"]
[White "Garcia Blanco, Omar"]
[Black "Manchon Santana, Alberto"]
[Result "0-1"]
[WhiteElo "2359"]
[BlackElo "2087"]
[PlyCount "86"]
[EventDate "2020.11.12"]
[EventType "tourn"]
[EventRounds "9"]
[EventCountry "ESP"]
[EventCategory "2"]
[SourceTitle "CBM 199 Extra"]
[Source "ChessBase"]
[SourceDate "2021.01.31"]
[SourceVersion "1"]
[SourceVersionDate "2021.01.31"]
[SourceQuality "1"]

1. c4 Nf6 2. Nc3 e6 3. e3 Be7 4. Nf3 d5 5. d4 0-0 6. Bd3 dxc4 7. Bxc4 a6 8. a4 c5 9. 0-0 Nc6 10. h3 Qc7 11. Qe2 Rd8 12. Rd1 Bd7 13. d5 exd5 14. Nxd5 Nxd5 15. Bxd5 Nb4 16. e4 Bc6 17. Qc4 b5 18. Qe2 bxa4 19. Bg5 Bb5 20. Bc4 Rab8 21. Rxd8+ Bxd8 22. Rd1 Nc6 23. Bxd8 Nxd8 24. Rc1 Ne6 25. Qc2 Bxc4 26. Qxc4 Qa5 27. Rc2 Qb5 28. Qd5 a3 29. b3 Qxb3 30. Qxb3 Rxb3 31. Kf1 Rb2 32. Rxb2 axb2 33. Nd2 c4 34. Nb1 Nd4 35. Ke1 Nb5 36. Kd2 c3+ 37. Kc2 Kf8 38. Kb3 Ke7 39. f3 Kd6 40. Kc2 a5 41. Kb3 Ke5 42. g3 Kd4 43. Kc2 Ke5 0-1

[Event "Vecindario Montalvo Memorial 13th"]
[Site "Vecindario"]
[Date "2020.11.14"]
[Round "3"]
[White "Perez Guerra, Raul"]
[Black "Manchon Santana, Alberto"]
[Result "1-0"]
[WhiteElo "2122"]
[BlackElo "2087"]
[PlyCount "91"]
[EventDate "2020.11.12"]
[EventType "tourn"]
[EventRounds "9"]
[EventCountry "ESP"]
[EventCategory "2"]
[SourceTitle "CBM 199 Extra"]
[Source "ChessBase"]
[SourceDate "2021.01.31"]
[SourceVersion "1"]
[SourceVersionDate "2021.01.31"]
[SourceQuality "1"]

1. e4 c5 2. Nc3 Nc6 3. g3 g6 4. Bg2 Bg7 5. d3 e6 6. Be3 d6 7. Qd2 Rb8 8. Nh3 Nf6 9. Bh6 0-0 10. Bxg7 Kxg7 11. 0-0 b5 12. Rae1 b4 13. Nd1 Qc7 14. Ne3 Ne5 15. Qe2 c4 16. d4 Nc6 17. c3 e5 18. Nd5 Qd8 19. Qxc4 Na5 20. Qd3 Nxd5 21. exd5 e4 22. Rxe4 Bf5 23. Nf4 bxc3 24. bxc3 Bxe4 25. Bxe4 Qc7 26. h4 Qc4 27. Qf3 Rbc8 28. Rc1 Qxa2 29. h5 Qd2 30. Rc2 Qe1+ 31. Kg2 Rfe8 32. Re2 Qxc3 33. Qg4 Qxd4 34. hxg6 hxg6 35. Ne6+ Rxe6 36. dxe6 f5 37. Qg5 Qf6 38. Qe3 fxe4 39. Qxa7+ Kg8 40. Rxe4 Rc4 41. e7 Rxe4 42. Qa8+ Kf7 43. Qf8+ Ke6 44. e8Q+ Kf5 45. Qxf6+ Kxf6 46. Qxe4 1-0

[Event "Canarias-chT"]
[Site "Vecindario"]
[Date "2019.06.15"]
[Round "4.3"]
[White "Ramos Aguilar, Jose Manuel"]
[Black "Manchon Santana, Alberto"]
[Result "1-0"]
[WhiteElo "2089"]
[BlackElo "2002"]
[PlyCount "75"]
[EventDate "2019.06.13"]
[EventType "team-swiss"]
[EventRounds "6"]
[EventCountry "ESP"]
[SourceTitle "EXT 2020"]
[Source "ChessBase"]
[SourceDate "2019.10.17"]
[SourceVersion "1"]
[SourceVersionDate "2019.10.17"]
[SourceQuality "1"]
[WhiteTeam "Ebano Barrio Nuevo"]
[BlackTeam "La Caja de Canarias"]
[WhiteTeamCountry "ESP"]
[BlackTeamCountry "ESP"]

1. g3 d5 2. Nf3 c5 3. Bg2 Nc6 4. 0-0 e5 5. d3 Nf6 6. e4 Be7 7. exd5 Nxd5 8. Re1 f6 9. c3 Nc7 10. Be3 Ne6 11. a3 0-0 12. b4 Qd7 13. b5 Ncd8 14. d4 cxd4 15. cxd4 exd4 16. Nxd4 Nxd4 17. Bxd4 Ne6 18. Nc3 Nxd4 19. Bd5+ Kh8 20. Qxd4 Bd6 21. Rad1 Qc7 22. Bf3 Be5 23. Nd5 Qf7 24. Qh4 Bf5 25. Ne3 Be6 26. Be4 f5 27. Bd5 f4 28. Bxe6 Qxe6 29. Ng4 fxg3 30. hxg3 g5 31. Qxg5 Rf5 32. Rd8+ Rxd8 33. Qxd8+ Kg7 34. Rxe5 Rxe5 35. Qc7+ Kg6 36. Nxe5+ Kf5 37. Nf3 Kg4 38. Qf4+ 1-0

[Event "Canarias-chT"]
[Site "Vecindario"]
[Date "2019.06.14"]
[Round "3.3"]
[White "Manchon Santana, Alberto"]
[Black "Perez Bolanos, Joel"]
[Result "1-0"]
[WhiteElo "2002"]
[BlackElo "1892"]
[PlyCount "101"]
[EventDate "2019.06.13"]
[EventType "team-swiss"]
[EventRounds "6"]
[EventCountry "ESP"]
[SourceTitle "EXT 2020"]
[Source "ChessBase"]
[SourceDate "2019.10.17"]
[SourceVersion "1"]
[SourceVersionDate "2019.10.17"]
[SourceQuality "1"]
[WhiteTeam "La Caja de Canarias"]
[BlackTeam "Sociedad La Montana"]
[WhiteTeamCountry "ESP"]
[BlackTeamCountry "ESP"]

1. d4 Nf6 2. c4 e6 3. Nc3 c6 4. e4 d5 5. e5 Nfd7 6. cxd5 cxd5 7. Nf3 Be7 8. h4 Nc6 9. Bg5 f6 10. exf6 Nxf6 11. Bd3 0-0 12. a3 h6 13. Be3 Ng4 14. Bc1 Nxd4 15. Bh7+ Kxh7 16. Qxd4 e5 17. Qxd5 Qxd5 18. Nxd5 Bc5 19. Be3 Bxe3 20. Nxe3 e4 21. Nd2 Nxf2 22. 0-0 Nh3+ 23. gxh3 Bxh3 24. Rf2 Rfe8 25. Rf7 Rad8 26. Ndf1 Rd3 27. Re1 Rb3 28. Re2 Rd8 29. Re7 Bxf1 30. Kxf1 Rd4 31. Rg2 Kh8 32. Rexg7 Rd8 33. R7g6 Kh7 34. Rg7+ Kh8 35. Nc4 Rc8 36. R7g6 Kh7 37. Rg7+ Kh8 38. Ke1 e3 39. R7g6 Kh7 40. Rg7+ Kh8 41. Kd1 b5 42. R7g6 Kh7 43. Nd6 Rd3+ 44. Ke2 Rd2+ 45. Kxe3 Rxg2 46. Rxg2 Rc5 47. Kd4 Rh5 48. Rg4 a6 49. b4 Kh8 50. Ke4 Kh7 51. Ne8 1-0

[Event "Gran Canaria Cabildo op"]
[Site "Gran Canaria"]
[Date "2019.03.19"]
[Round "3"]
[White "Manchon Santana, Alberto"]
[Black "Guerra Aleman, Marcial"]
[Result "1-0"]
[WhiteElo "2039"]
[BlackElo "1630"]
[PlyCount "149"]
[EventDate "2019.03.12"]
[EventType "swiss"]
[EventRounds "7"]
[EventCountry "ESP"]
[SourceTitle "CBM 189 Extra"]
[Source "ChessBase"]
[SourceDate "2019.06.03"]
[SourceVersion "1"]
[SourceVersionDate "2019.06.03"]
[SourceQuality "1"]

1. Nf3 Nf6 2. d4 g6 3. c4 Bg7 4. Nc3 0-0 5. e4 d6 6. Be2 e5 7. 0-0 c5 8. dxe5 dxe5 9. Qxd8 Rxd8 10. Bg5 Re8 11. Nd5 Nxd5 12. cxd5 f5 13. Nd2 b6 14. f3 Ba6 15. Bxa6 Nxa6 16. a4 Nb8 17. Nc4 Nd7 18. exf5 gxf5 19. Nd6 Bf6 20. Bxf6 Nxf6 21. Nxe8 Rxe8 22. Rad1 Kf7 23. Rd2 Ke7 24. a5 Kd6 25. axb6 axb6 26. b4 c4 27. Rc1 Rc8 28. Kf2 e4 29. Ke2 c3 30. fxe4 Rc4 31. Rd3 Nxe4 32. Rb1 c2 33. Rc1 Nc3+ 34. Kd2 Na2 35. Rh3 Nxc1 36. Kxc1 Kxd5 37. Rxh7 Kc6 38. Rh5 Rxb4 39. Rxf5 Ra4 40. Rg5 Ra2 41. Rg8 Kd5 42. Rc8 Ra1+ 43. Kb2 Rh1 44. h3 Ke4 45. Kxc2 Kf4 46. Rg8 Ra1 47. Kb2 Rd1 48. h4 Rd5 49. Kc3 Rh5 50. Kb4 Rc5 51. Rg6 Rh5 52. g3+ Kf5 53. Rxb6 Rh8 54. Rb5+ Kg6 55. Kc4 Ra8 56. Rg5+ Kh6 57. Kd4 Ra4+ 58. Ke3 Ra3+ 59. Kf4 Ra4+ 60. Kf3 Ra3+ 61. Kg4 Ra4+ 62. Kh3 Ra3 63. Rb5 Rc3 64. h5 Rc1 65. Kh4 Rh1+ 66. Kg4 Ra1 67. Rb6+ Kh7 68. Kg5 Ra5+ 69. Kh4 Rc5 70. g4 Ra5 71. g5 Ra4+ 72. Kg3 Rc4 73. Rb7+ Kg8 74. g6 Rc1 75. Kf4 1-0

[Event "Gran Canaria Santana Memorial 6th"]
[Site "Gran Canaria"]
[Date "2018.12.03"]
[Round "6.2"]
[White "Manchon Santana, Alberto"]
[Black "Rodriguez Melian, Jose Luis"]
[Result "1-0"]
[WhiteElo "1943"]
[BlackElo "2105"]
[PlyCount "65"]
[EventDate "2018.11.16"]
[EventType "swiss"]
[EventRounds "7"]
[EventCountry "ESP"]
[SourceTitle "EXT 2024"]
[Source "ChessBase"]
[SourceDate "2023.10.10"]
[SourceVersion "1"]
[SourceVersionDate "2023.10.10"]
[SourceQuality "1"]

1. e4 e5 2. Nf3 Nf6 3. Nc3 Bb4 4. Nxe5 0-0 5. Be2 Re8 6. Nd3 Bxc3 7. dxc3 Nxe4 8. 0-0 Nc6 9. Be3 d6 10. Nf4 h6 11. Bc4 Ne5 12. Bb3 a5 13. a3 c6 14. Nd3 a4 15. Nxe5 axb3 16. Nc4 bxc2 17. Qxc2 Bf5 18. Qd1 b5 19. Nd2 Nf6 20. Qf3 Qd7 21. h3 Ra4 22. b3 Ra6 23. Rfe1 Rea8 24. g4 Bg6 25. Bxh6 Nxg4 26. Bxg7 Nxf2 27. Bf6 Nxh3+ 28. Kh2 Qf5 29. Rf1 Re8 30. Qxf5 Bxf5 31. Rxf5 Re2+ 32. Kxh3 Rxd2 33. Rh5 1-0

[Event "Gran Canaria Santana Memorial 6th"]
[Site "Gran Canaria"]
[Date "2018.11.27"]
[Round "4.3"]
[White "Armenteros Peral, Javier"]
[Black "Manchon Santana, Alberto"]
[Result "0-1"]
[WhiteElo "1990"]
[BlackElo "1943"]
[PlyCount "74"]
[EventDate "2018.11.16"]
[EventType "swiss"]
[EventRounds "7"]
[EventCountry "ESP"]
[SourceTitle "EXT 2024"]
[Source "ChessBase"]
[SourceDate "2023.10.10"]
[SourceVersion "1"]
[SourceVersionDate "2023.10.10"]
[SourceQuality "1"]

1. e4 c5 2. Nf3 d6 3. d4 cxd4 4. Nxd4 Nf6 5. Nc3 g6 6. h3 Bg7 7. g3 0-0 8. Bg2 Nc6 9. Nde2 a6 10. a4 Nb4 11. 0-0 Qc7 12. Be3 e6 13. Rc1 Rd8 14. Qd2 d5 15. Rfd1 Bd7 16. Bf4 e5 17. Bg5 d4 18. Nd5 Nbxd5 19. exd5 Re8 20. b3 Bf5 21. c4 Ne4 22. Bxe4 Bxe4 23. f4 h6 24. Bh4 Bf3 25. g4 exf4 26. Nxd4 Bxd1 27. Qxd1 Re3 28. Nf3 Bf8 29. Bf2 Bc5 30. b4 Bxb4 31. Bxe3 fxe3 32. Kg2 Re8 33. Qe2 Qd7 34. Nd4 Qxa4 35. Ne6 fxe6 36. Qxe3 Qa2+ 37. Kh1 Qd2 0-1

[Event "Puerto del Rosario op U2300 "]
[Site "Puerto del Rosario"]
[Date "2018.09.29"]
[Round "5"]
[White "Hidalgo Santana, Fernando"]
[Black "Manchon Santana, Alberto"]
[Result "1-0"]
[WhiteElo "2116"]
[BlackElo "1920"]
[PlyCount "109"]
[EventDate "2018.09.27"]
[EventType "swiss"]
[EventRounds "7"]
[EventCountry "ESP"]
[SourceTitle "CBM 187 Extra"]
[Source "ChessBase"]
[SourceDate "2018.11.04"]
[SourceVersion "1"]
[SourceVersionDate "2018.11.04"]
[SourceQuality "1"]

1. e4 c5 2. d3 Nc6 3. g3 g6 4. Bg2 Bg7 5. f4 e5 6. fxe5 Nxe5 7. Nc3 d6 8. Nge2 Bg4 9. h3 Be6 10. Be3 Ne7 11. Nf4 N7c6 12. Ncd5 0-0 13. c3 Bxd5 14. Nxd5 c4 15. dxc4 Nxc4 16. Qe2 Nxe3 17. Qxe3 Ne5 18. 0-0 Nc4 19. Qf2 Be5 20. Rad1 Qg5 21. Rd3 Bg7 22. h4 Qg4 23. Nf4 Qc8 24. Rd5 Qc7 25. b3 Ne5 26. Qd2 Ng4 27. Rd3 b5 28. Bf3 Ne5 29. Rxd6 Rac8 30. Ne2 Rfd8 31. Rd5 a5 32. Kg2 a4 33. Qf4 Rxd5 34. exd5 a3 35. Qb4 Qb6 36. Qxa3 Qe3 37. Qc1 Qd3 38. Qd1 Qe3 39. Qd4 Nc4 40. Qd1 Nd2 41. Rf2 Ra8 42. a4 bxa4 43. bxa4 Nc4 44. d6 Rd8 45. Bd5 Rxd6 46. Bxf7+ Kh8 47. Qb3 Qe4+ 48. Kh2 Nb6 49. a5 Qe3 50. Rg2 Nd7 51. Qb7 Be5 52. a6 Nc5 53. Qc8+ Kg7 54. a7 Ra6 55. Qxa6 1-0

[Event "Puerto del Rosario op U2300 "]
[Site "Puerto del Rosario"]
[Date "2018.09.28"]
[Round "3"]
[White "Manchon Santana, Alberto"]
[Black "Kraus, Oliver"]
[Result "1-0"]
[WhiteElo "1920"]
[BlackElo "2044"]
[PlyCount "57"]
[EventDate "2018.09.27"]
[EventType "swiss"]
[EventRounds "7"]
[EventCountry "ESP"]
[SourceTitle "CBM 187 Extra"]
[Source "ChessBase"]
[SourceDate "2018.11.04"]
[SourceVersion "1"]
[SourceVersionDate "2018.11.04"]
[SourceQuality "1"]

1. d4 d5 2. c4 e6 3. Nc3 c5 4. e3 Nf6 5. Nf3 a6 6. a3 dxc4 7. Bxc4 b5 8. Ba2 Bb7 9. 0-0 cxd4 10. exd4 Nc6 11. d5 exd5 12. Ng5 Be7 13. Nxd5 Nxd5 14. Nxf7 Kxf7 15. Bxd5+ Ke8 16. Qf3 Ne5 17. Bf7+ Nxf7 18. Qxb7 Kf8 19. Bf4 g6 20. Rac1 Nd6 21. Bxd6 Bxd6 22. Rfd1 Rb8 23. Qf3+ Kg7 24. Rc6 Rb6 25. g3 Qb8 26. Qc3+ Be5 27. Rc7+ Kh6 28. Qe3+ Bf4 29. gxf4 1-0

[Event "Las Palmas Insular-chT Pref 1617"]
[Site "Las Palmas"]
[Date "2016.12.17"]
[Round "7.2"]
[White "Camino Carrio, Nicanor"]
[Black "Manchon Santana, Alberto"]
[Result "1-0"]
[WhiteElo "1952"]
[BlackElo "1920"]
[PlyCount "43"]
[EventDate "2016.10.22"]
[EventType "team-tourn"]
[EventRounds "14"]
[EventCountry "ESP"]
[SourceTitle "EXT 2018"]
[Source "ChessBase"]
[SourceDate "2017.10.13"]
[SourceVersion "1"]
[SourceVersionDate "2017.10.13"]
[SourceQuality "1"]
[WhiteTeam "Piscolabis Oleaje San Andres"]
[BlackTeam "Fundacion La Caja de Canarias"]
[WhiteTeamCountry "ESP"]
[BlackTeamCountry "ESP"]

1. e4 c5 2. Nf3 e6 3. d4 cxd4 4. Nxd4 a6 5. Nc3 Qc7 6. Bd3 Nc6 7. Nxc6 dxc6 8. 0-0 Bd6 9. f4 e5 10. f5 Nf6 11. Bg5 Be7 12. Be3 b5 13. a4 b4 14. Nb1 a5 15. Qe2 Nd7 16. Nd2 0-0 17. Rf3 Bc5 18. Kh1 Bxe3 19. Qxe3 f6 20. Bc4+ Kh8 21. Rh3 Nb6 22. Rxh7+ 1-0

[Event "Las Palmas Insular-chT Primera-B 1617"]
[Site "Las Palmas"]
[Date "2016.11.05"]
[Round "3.1"]
[White "Manchon Santana, Alberto"]
[Black "De la Hoz Sanchez, Ruben"]
[Result "1/2-1/2"]
[WhiteElo "1920"]
[BlackElo "1946"]
[PlyCount "100"]
[EventDate "2016.10.22"]
[EventType "team-tourn"]
[EventRounds "14"]
[EventCountry "ESP"]
[SourceTitle "EXT 2018"]
[Source "ChessBase"]
[SourceDate "2017.10.13"]
[SourceVersion "1"]
[SourceVersionDate "2017.10.13"]
[SourceQuality "1"]
[WhiteTeam "Fundacion La Caja de Canarias II"]
[BlackTeam "Hotel Avda de Canarias II"]
[WhiteTeamCountry "ESP"]
[BlackTeamCountry "ESP"]

1. d4 d5 2. c4 c6 3. Nc3 Nf6 4. e3 g6 5. Nf3 Bg7 6. b3 Bf5 7. Be2 Ne4 8. Nxe4 Bxe4 9. 0-0 Bxf3 10. Bxf3 0-0 11. Ba3 Re8 12. Qd2 e6 13. Bb2 f5 14. Be2 Nd7 15. a4 Nf6 16. b4 Ne4 17. Qc2 Rc8 18. f3 Nf6 19. Qb3 Qc7 20. Bd3 Rcd8 21. b5 Nh5 22. f4 c5 23. Rac1 b6 24. Ba3 Bf8 25. Rc2 Nf6 26. Rfc1 Qd7 27. dxc5 Bxc5 28. Bxc5 bxc5 29. cxd5 exd5 30. Rxc5 Rxe3 31. Rc7 Re1+ 32. Bf1 Qe8 33. Qc3 Rxc1 34. Qxc1 Rd7 35. Rc8 Rd8 36. Rxd8 Qxd8 37. Qc5 Qb6 38. Qxb6 axb6 39. Kf2 Kf8 40. Ke3 Ke7 41. Kd4 Kd6 42. Be2 Ne8 43. Bf3 Nc7 44. g3 Ne6+ 45. Kc3 Kc5 46. Be2 Nd8 47. h3 Nf7 48. g4 Nd6 49. gxf5 Nxf5 50. Kd3 Nd6 1/2-1/2

[Event "Gran Canaria Dominguez Memorial 3rd"]
[Site "Gran Canaria"]
[Date "2016.05.19"]
[Round "2"]
[White "Manchon Santana, Alberto"]
[Black "Amador Garcia, Ismael"]
[Result "1-0"]
[WhiteElo "1990"]
[BlackElo "1641"]
[PlyCount "111"]
[EventDate "2016.05.17"]
[EventType "swiss"]
[EventRounds "7"]
[EventCountry "ESP"]
[SourceTitle "CBM 172 Extra"]
[Source "ChessBase"]
[SourceDate "2016.06.21"]
[SourceVersion "1"]
[SourceVersionDate "2016.06.21"]
[SourceQuality "1"]

1. d4 Nf6 2. c4 g6 3. Nc3 Bg7 4. e4 d6 5. Nf3 0-0 6. Be2 e5 7. 0-0 Nc6 8. d5 Ne7 9. b4 Nh5 10. Re1 f5 11. Ng5 Nf6 12. c5 h6 13. cxd6 cxd6 14. Ne6 Bxe6 15. dxe6 fxe4 16. Bc4 d5 17. Bb3 Qb6 18. a3 Qc6 19. Bb2 Rad8 20. Rc1 Qd6 21. Qe2 h5 22. h3 Nf5 23. Nxd5 Nxd5 24. Red1 Qxe6 25. Qxe4 Nfe7 26. Rc5 Rf4 27. Rcxd5 Rxd5 28. Bxd5 Nxd5 29. Qxd5 Qxd5 30. Rxd5 Re4 31. Kf1 b6 32. b5 Kf8 33. Rd7 Ra4 34. Bc3 a5 35. bxa6 Rxa6 36. Bb4+ Kg8 37. Ke2 b5 38. Rb7 Rc6 39. Kd3 Rc1 40. Rxb5 Rg1 41. g3 h4 42. Rb8+ Kh7 43. gxh4 Rh1 44. Be7 Rxh3+ 45. Ke2 e4 46. a4 Bd4 47. Rb4 Rd3 48. a5 Bc3 49. Ra4 Rd7 50. Bg5 Bd4 51. a6 Ra7 52. Be3 Bxe3 53. Kxe3 Kh6 54. Kxe4 g5 55. hxg5+ Kxg5 56. Kd5 1-0

[Event "Gran Canaria Cabildo op"]
[Site "Gran Canaria"]
[Date "2016.03.08"]
[Round "7"]
[White "Manchon Santana, Alberto"]
[Black "Garcia Blanco, Omar"]
[Result "0-1"]
[WhiteElo "1863"]
[BlackElo "2278"]
[PlyCount "106"]
[EventDate "2016.02.16"]
[EventType "swiss"]
[EventRounds "9"]
[EventCountry "ESP"]
[SourceTitle "CBM 171 Extra"]
[Source "ChessBase"]
[SourceDate "2016.04.26"]
[SourceVersion "1"]
[SourceVersionDate "2016.04.26"]
[SourceQuality "1"]

1. d4 Nf6 2. c4 c5 3. d5 e6 4. Nc3 exd5 5. cxd5 d6 6. Nf3 g6 7. g3 Bg7 8. Bg2 0-0 9. 0-0 Re8 10. Bf4 Ne4 11. Nxe4 Rxe4 12. Nd2 Rb4 13. a3 Rxf4 14. gxf4 Bxb2 15. Ra2 Bg7 16. a4 b6 17. e4 Qh4 18. Qf3 Bh6 19. Qg3 Qxf4 20. e5 Bb7 21. Qxf4 Bxf4 22. exd6 Na6 23. Nc4 Nb4 24. Re2 Rd8 25. Rfe1 Kf8 26. Re7 Bxd5 27. d7 Be6 28. R1xe6 fxe6 29. Rxh7 Nd5 30. Be4 Nf6 31. Rh8+ Ke7 32. Rxd8 Kxd8 33. Bxg6 Nxd7 34. h4 a6 35. Bc2 Kc7 36. Kg2 b5 37. Kf3 Bh6 38. axb5 axb5 39. Ne3 Kd6 40. Ng4 Ne5+ 41. Kg3 Nxg4 42. Kxg4 c4 43. Kh5 Bd2 44. Kg6 Be1 45. h5 Bxf2 46. h6 Bd4 47. h7 b4 48. Kf7 b3 49. Bd1 Be5 50. Ke8 Kc5 51. Kf7 Kb4 52. Kxe6 Bh8 53. Kd5 c3 0-1

[Event "Gran Canaria Cabildo op"]
[Site "Gran Canaria"]
[Date "2016.03.04"]
[Round "6"]
[White "Camino Carrio, Nicanor"]
[Black "Manchon Santana, Alberto"]
[Result "0-1"]
[WhiteElo "2003"]
[BlackElo "1863"]
[PlyCount "88"]
[EventDate "2016.02.16"]
[EventType "swiss"]
[EventRounds "9"]
[EventCountry "ESP"]
[SourceTitle "CBM 171 Extra"]
[Source "ChessBase"]
[SourceDate "2016.04.26"]
[SourceVersion "1"]
[SourceVersionDate "2016.04.26"]
[SourceQuality "1"]

1. e4 c5 2. Nf3 e6 3. d4 cxd4 4. Nxd4 a6 5. Nc3 Qc7 6. Bd3 b5 7. 0-0 Bb7 8. Re1 Bc5 9. Nb3 Bd6 10. h3 b4 11. Ne2 Nf6 12. Ned4 h5 13. Nf3 Nc6 14. c4 bxc3 15. bxc3 Ne5 16. Nxe5 Bxe5 17. Ba3 h4 18. Rb1 d6 19. c4 0-0 20. Qd2 Nh5 21. Qg5 Nf4 22. Bf1 Qd8 23. Qxd8 Rfxd8 24. f3 Rab8 25. Red1 Bc6 26. Bb2 Bxb2 27. Rxb2 Ba4 28. Rdb1 Bxb3 29. Rxb3 Rxb3 30. Rxb3 d5 31. cxd5 exd5 32. exd5 Rxd5 33. Bxa6 Rd2 34. Bc4 Rxg2+ 35. Kf1 Rg3 36. a4 Nxh3 37. a5 Rg1+ 38. Ke2 Nf4+ 39. Ke3 h3 40. Rb2 Ng2+ 41. Kf2 h2 42. a6 h1Q 43. a7 Ra1 44. Ba2 Qg1+ 0-1

[Event "Las Palmas Insular-chT Pref"]
[Site "Las Palmas "]
[Date "2016.01.09"]
[Round "8.3"]
[White "Manchon Santana, Alberto"]
[Black "Garcia Padron, Jose"]
[Result "0-1"]
[WhiteElo "1950"]
[BlackElo "2405"]
[PlyCount "48"]
[EventDate "2015.10.17"]
[EventType "team-tourn"]
[EventRounds "14"]
[EventCountry "ESP"]
[SourceTitle "CBM 170 Extra"]
[Source "ChessBase"]
[SourceDate "2016.02.25"]
[SourceVersion "1"]
[SourceVersionDate "2016.02.25"]
[SourceQuality "1"]
[WhiteTeam "La Caja de Canarias"]
[BlackTeam "Goya Villa de Teror"]
[WhiteTeamCountry "ESP"]
[BlackTeamCountry "ESP"]

1. d4 Nf6 2. c4 e6 3. Nc3 Bb4 4. e3 0-0 5. Nge2 d5 6. a3 Be7 7. Nf4 c6 8. Bd3 Nbd7 9. cxd5 exd5 10. 0-0 Bd6 11. f3 Bxf4 12. exf4 c5 13. dxc5 Nxc5 14. Bc2 d4 15. Ne4 Nfxe4 16. fxe4 d3 17. Bb1 Qd4+ 18. Kh1 Rd8 19. Qh5 Nxe4 20. Qh4 Bf5 21. g4 Bd7 22. Qe1 Bc6 23. Be3 Nf2+ 24. Kg1 Nh3# 0-1

[Event "Las Palmas Insular-chT Pref-B"]
[Site "Las Palmas"]
[Date "2015.12.12"]
[Round "6.2"]
[White "Sanchez Montesdeoca, Isaac"]
[Black "Manchon Santana, Alberto"]
[Result "0-1"]
[WhiteElo "1742"]
[BlackElo "1950"]
[PlyCount "102"]
[EventDate "2015.10.17"]
[EventType "team-tourn"]
[EventRounds "14"]
[EventCountry "ESP"]
[SourceTitle "CBM 170 Extra"]
[Source "ChessBase"]
[SourceDate "2016.02.25"]
[SourceVersion "1"]
[SourceVersionDate "2016.02.25"]
[SourceQuality "1"]
[WhiteTeam "El Puerto de Santa Lucia"]
[BlackTeam "La Caja de Canarias II"]
[WhiteTeamCountry "ESP"]
[BlackTeamCountry "ESP"]

1. e4 c5 2. Nf3 e6 3. d4 cxd4 4. Qxd4 Nc6 5. Qe3 Nf6 6. Nc3 Qa5 7. Bd2 Bc5 8. Qf4 Qb6 9. 0-0-0 Bxf2 10. e5 Nd5 11. Nxd5 exd5 12. Ng5 0-0 13. Bd3 h6 14. Nh7 Bd4 15. Nf6+ Kh8 16. c3 Nxe5 17. Bc2 Nc4 18. b3 Qxf6 19. cxd4 Nxd2 20. Qxd2 Qg5 21. Rhf1 Qxd2+ 22. Rxd2 d6 23. Rdf2 Be6 24. Kd2 Kg8 25. Bd3 Rac8 26. Be2 Rc7 27. Bh5 Rfc8 28. Bd1 b5 29. Re1 Rc1 30. Re3 b4 31. h3 Ra1 32. Ke1 Rcc1 33. Rd2 Kf8 34. Ke2 Bf5 35. g4 Be4 36. h4 f6 37. Rg3 g6 38. Rg1 h5 39. gxh5 gxh5 40. Ke3 Bc2 41. Bxh5 Rxg1 42. Rxc2 Rac1 43. Rf2 Rgf1 44. Rg2 Rc3+ 45. Kd2 Rf4 46. Bg6 Rxd4+ 47. Ke2 Rxh4 48. Bf5 d4 49. Rf2 Rh1 50. Rf4 Rh2+ 51. Kd1 Rg3 0-1

[Event "Gran Canaria Santana Memorial 4th"]
[Site "Gran Canaria"]
[Date "2015.12.09"]
[Round "8"]
[White "Manchon Santana, Alberto"]
[Black "Galvan Sarmiento, Jose Luis"]
[Result "0-1"]
[WhiteElo "1936"]
[BlackElo "1952"]
[PlyCount "128"]
[EventDate "2015.11.20"]
[EventType "swiss"]
[EventRounds "9"]
[EventCountry "ESP"]
[SourceTitle "EXT 2017"]
[Source "ChessBase"]
[SourceDate "2016.10.25"]
[SourceVersion "1"]
[SourceVersionDate "2016.10.25"]
[SourceQuality "1"]

1. d4 Nf6 2. c4 e6 3. Nc3 Bb4 4. Qc2 c5 5. e3 Nc6 6. Nf3 d5 7. a3 Bxc3+ 8. bxc3 Qa5 9. Nd2 0-0 10. Be2 Qc7 11. Bf3 Rd8 12. 0-0 e5 13. cxd5 Nxd5 14. c4 Nf6 15. d5 Ne7 16. g3 Bf5 17. e4 Bg6 18. Bb2 Nc8 19. Bc3 Re8 20. Qb2 Nd7 21. Bg4 f6 22. a4 b6 23. a5 Rb8 24. Qb5 Rd8 25. Qc6 Qd6 26. Rfb1 Be8 27. Rb2 Nf8 28. Qxd6 Nxd6 29. axb6 axb6 30. Ra6 Bd7 31. Bd1 Nc8 32. Ba5 Kf7 33. Kf1 Bh3+ 34. Ke2 Nd7 35. Bc3 Ke7 36. Kd3 Rb7 37. Nb1 Nb8 38. Ra8 Nd6 39. Na3 Bf1+ 40. Be2 Bxe2+ 41. Rxe2 Nd7 42. Ra6 Rc8 43. Rb2 Rcc7 44. Nb5 Nxb5 45. cxb5 Nb8 46. Ra4 Ra7 47. Rba2 Rxa4 48. Rxa4 Nd7 49. g4 Nf8 50. h4 Ng6 51. h5 Nh8 52. Ke3 Nf7 53. f4 exf4+ 54. Kxf4 Nd6 55. g5 Nxb5 56. gxf6+ gxf6 57. Bb2 Rc8 58. Ra6 Rb8 59. e5 fxe5+ 60. Kxe5 c4 61. d6+ Kd7 62. Kd5 c3 63. Bc1 c2 64. Ra2 Nc3+ 0-1